| 000 | 003150000a22000970004500 | ||
|---|---|---|---|
| 100 | 1 | _aPettys, Valerie Forstman | |
| 245 | 1 | 0 | _aLet there be darkness : Continuity and disconbtinuity in the curse of Job 3 |
| 300 | _aNúm 98 (2002), Páginas 89-104 | ||
| 773 | 0 | _tJournal for the Study of the Old Testament | |
| 942 | _cANA | ||
| 999 |
_c55013 _d55013 |
||